Médaillés aux championnats du monde 2023 d'Oberhof - Statistiques

Statistiques générales
  • Ce quiz a été pris 5 fois
  • Le résultat moyen est 63 sur 88
Statistiques - réponses
Epreuve Médaille Pays Réponse % Correct
Relais F Chocolat France Chloé Chevalier
100%
Relais F Or Italie Dorothea Wierer
100%
Relais mixte Argent Italie Dorothea Wierer
100%
Relais F Bronze Suède Elvira Oeberg
100%
Relais H Or France Emilien Jacquelin
100%
Relais mixte Bronze France Émilien Jacquelin
100%
Relais H Or France Fabien Claude
100%
Individuel F Or Suède Hanna Oeberg
100%
Sprint F Argent Suède Hanna Oeberg
100%
Mass start F Or Suède Hanna Oeberg
100%
Relais F Bronze Suède Hanna Oeberg
100%
Relais mixte simple Chocolat Suède Hanna Oeberg
100%
Individuel H Or Norvège Johannes Thingnes Bø
100%
Sprint H Or Norvège Johannes Thingnes Bø
100%
Poursuite H Or Norvège Johannes Thingnes Bø
100%
Mass start H Bronze Norvège Johannes Thingnes Bø
100%
Relais H Argent Norvège Johannes Thingnes Bø
100%
Relais mixte Or Norvège Johannes Thingnes Bø
100%
Relais mixte simple Or Norvège Johannes Thingnes Bø
100%
Poursuite F Or France Julia Simon
100%
Mass start F Bronze France Julia Simon
100%
Relais F Chocolat France Julia Simon
100%
Relais mixte Bronze France Julia Simon
100%
Individuel F Bronze Italie Lisa Vittozzi
100%
Relais F Or Italie Lisa Vittozzi
100%
Relais mixte Argent Italie Lisa Vittozzi
100%
Relais mixte simple Bronze Italie Lisa Vittozzi
100%
Relais F Chocolat France Lou Jeanmonnot
100%
Mass start H Argent Suède Martin Ponsiluoma
100%
Relais H Bronze Suède Martin Ponsiluoma
100%
Individuel H Chocolat France Quentin Fillon Maillet
100%
Relais H Or France Quentin Fillon Maillet
100%
Relais mixte Bronze France Quentin Fillon Maillet
100%
Individuel H Bronze Suède Sebastian Samuelsson
100%
Poursuite H Bronze Suède Sebastian Samuelsson
100%
Mass start H Or Suède Sebastian Samuelsson
100%
Relais H Bronze Suède Sebastian Samuelsson
100%
Relais mixte simple Chocolat Suède Sebastian Samuelsson
100%
Sprint H Argent Norvège Tarjei Bø
100%
Poursuite H Chocolat Norvège Tarjei Bø
100%
Relais H Argent Norvège Tarjei Bø
100%
Relais F Bronze Suède Anna Magnusson
80%
Relais H Or France Antonin Guigonnat
80%
Sprint H Chocolat Norvège Johannes Dale
80%
Individuel F Argent Suède Linn Persson
80%
Sprint F Bronze Suède Linn Persson
80%
Relais F Bronze Suède Linn Persson
80%
Relais mixte Chocolat Autriche Lisa Theresa Hauser
80%
Relais mixte simple Argent Autriche Lisa Theresa Hauser
80%
Relais mixte Chocolat Autriche Simon Eder
80%
Individuel H Argent Norvège Sturla Holm Laegreid
80%
Sprint H Bronze Norvège Sturla Holm Laegreid
80%
Poursuite H Argent Norvège Sturla Holm Laegreid
80%
Mass start H Chocolat Norvège Sturla Holm Laegreid
80%
Relais H Argent Norvège Sturla Holm Laegreid
80%
Relais mixte Or Norvège Sturla Holm Lægreid
80%
Relais mixte Argent Italie Tommaso Giacomel
80%
Relais mixte simple Bronze Italie Tommaso Giacomel
80%
Relais H Argent Norvège Vetle Sjåstad Christiansen
80%
Poursuite F Chocolat Norvège Ingrid Landmark Tandrevold
60%
Mass start F Argent Norvège Ingrid Landmark Tandrevold
60%
Relais mixte Or Norvège Ingrid Landmark Tandrevold
60%
Sprint F Chocolat Norvège Marte Olsbu Røiseland
60%
Poursuite F Bronze Norvège Marte Olsbu Røiseland
60%
Relais mixte Or Norvège Marte Olsbu Røiseland
60%
Relais mixte simple Or Norvège Marte Olsbu Røiseland
60%
Relais F Argent Allemagne Vanessa Voigt
60%
Relais mixte Argent Italie Didier Bionaz
40%
Relais H Bronze Suède Jesper Nelin
40%
Relais H Chocolat République tchèque Michal Krčmář
40%
Mass start F Chocolat France Anaïs Chevalier-Bouchet
20%
Relais F Chocolat France Anaïs Chevalier-Bouchet
20%
Relais mixte Bronze France Anaïs Chevalier-Bouchet
20%
Sprint F Or Allemagne Denise Herrmann-Wick
20%
Poursuite F Argent Allemagne Denise Herrmann-Wick
20%
Relais F Argent Allemagne Denise Herrmann-Wick
20%
Relais F Or Italie Hannah Auchentaller
20%
Individuel F Chocolat Italie Samuela Commola
20%
Relais F Or Italie Samuela Commola
20%
Relais F Argent Allemagne Sophia Schneider
20%
Relais mixte Chocolat Autriche David Komatz
0%
Relais mixte simple Argent Autriche David Komatz
0%
Relais mixte Chocolat Autriche Dunja Zdouc
0%
Relais F Argent Allemagne Hanna Kebinger
0%
Relais H Chocolat République tchèque Jakub Štvrtecký
0%
Relais H Chocolat République tchèque Jonáš Mareček
0%
Relais H Bronze Suède Peppe Femling
0%
Relais H Chocolat République tchèque Tomáš Mikyska
0%
Aucun quiz correspondant
Distribution des résultats
% des personnes avec chaque résultat
Percentile par nombre de réponses
Votre historique - résultats
Vous n’avez pas pris ce quiz